| 000 | 00883nam a2200265 i 4500 | ||
|---|---|---|---|
| 001 | 9707 | ||
| 003 | ES-MaACL | ||
| 005 | 20231227164415.0 | ||
| 008 | 931129s1988 sp ||||1| spa d | ||
| 020 | _a84-03-91013-4 | ||
| 080 | _a32:929 Carrero Blanco, Luis | ||
| 080 | _a323.285(46)"1973.12.20" | ||
| 100 | 1 |
_aFuente, Ismael. _952838 |
|
| 245 | 1 | 0 |
_aGolpe mortal : _basesinato de Carrero y agonía del franquismo / _cIsmael Fuente, Javier García y Joaquín Prieto. |
| 250 | _a5ª ed. | ||
| 260 |
_aMadrid : _bEl País : _bAguilar, _c1988. |
||
| 300 |
_a341 p. ; _c21 cm. |
||
| 500 | _aReimp., de la 1ª ed., 1983. | ||
| 600 | 1 | 4 |
_aCarrero Blanco, Luis, _d1904-1973 _935700 |
| 650 | 4 |
_aAtentados políticos- _zMadrid. _910404 |
|
| 700 | 1 |
_aGarcía, Javier. _954038 |
|
| 700 | 1 |
_aPrieto, Joaquín. _993893 |
|
| 852 |
_aES-MaACL _jL-17254 |
||
| 999 |
_c9707 _d9707 |
||